La Provincia en el estado de las autonomías
ISBN:
84-7248-395-9
Publicado:
Madrid :
Diputació de Barcelona : Fundació Carles Pi i Sunyer d'Estudis Autonòmics i Locals : Marcial Pons ,
1997
Descripción Física:
485 p. ; 24 cm
MARC
| LEADER | 00000nam a2200000Ia 4500 | ||
|---|---|---|---|
| 001 | 19080 | ||
| 008 | 160829s1997 xx 000 0 cat d | ||
| 020 | |a 84-7248-395-9 | ||
| 080 | |a D-3-161 | ||
| 245 | |a La Provincia en el estado de las autonomías | ||
| 260 | |a Madrid : |b Diputació de Barcelona : |b Fundació Carles Pi i Sunyer d'Estudis Autonòmics i Locals : |b Marcial Pons, |c 1997 | ||
| 300 | |a 485 p. ; |c 24 cm | ||
| 650 | |a Espanya |x Comunitats autònomes |x Dret i legislació |9 44835 | ||
| 650 | |a Diputacions provincials |9 44836 | ||
| 650 | 0 | |a Divisions administratives i polítiques |9 11958 | |
| 710 | 1 | |a Fundació Carles Pi i Sunyer d'Estudis Autonòmics i Locals |9 52753 | |
| 901 | |a Arxiu | ||
| 942 | |n 1 | ||
| 952 | |0 0 |1 0 |4 0 |6 D3161 |7 1 |9 52203 |a Arxiu |b Arxiu |d 2016-12-01 |l 0 |o D-3-161 |p 19080 |r 2016-12-01 00:00:00 |w 2016-12-01 |y ARXIU | ||
| 952 | |0 0 |1 0 |4 0 |6 PDL |7 1 |9 63423 |a Arxiu |b Arxiu |d 2022-08-12 |l 0 |o PDL |p 26457 |r 2022-08-12 00:00:00 |w 2022-08-12 |y ARXIU | ||
| 999 | |c 56051 |d 56051 | ||